Blue book (Record no. 109921)
[ view plain ]
| 000 -LEADER | |
|---|---|
| fixed length control field | 02330cam a22003375a 4500 |
| 001 - CONTROL NUMBER | |
| control field | E148162 |
| 008 - FIXED-LENGTH DATA ELEMENTS--GENERAL INFORMATION | |
| fixed length control field | 090810s2009 xxk f 001 0 eng d |
| 020 ## - INTERNATIONAL STANDARD BOOK NUMBER | |
| International Standard Book Number | 9781842194980 |
| 035 ## - SYSTEM CONTROL NUMBER | |
| System control number | (Sirsi) u148162 |
| 041 0# - LANGUAGE CODE | |
| Language code of text/sound track or separate title | eng |
| 050 04 - LIBRARY OF CONGRESS CALL NUMBER | |
| Classification number | 333.33 $2 18 |
| 110 2# - MAIN ENTRY--CORPORATE NAME | |
| Corporate name or jurisdiction name as entry element | Royal Institution of Chartered Surveyors |
| 9 (RLIN) | 4900 |
| 245 00 - TITLE STATEMENT | |
| Title | Blue book |
| Remainder of title | residential estate agency standards |
| Statement of responsibility, etc. | [old edition] |
| 250 ## - EDITION STATEMENT | |
| Edition statement | 3rd ed. |
| 260 ## - PUBLICATION, DISTRIBUTION, ETC. | |
| Place of publication, distribution, etc. | Coventry |
| Name of publisher, distributor, etc. | RICS |
| Date of publication, distribution, etc. | 2009 |
| 300 ## - PHYSICAL DESCRIPTION | |
| Extent | xxiv, 202p. |
| Other physical details | spiral bound |
| Dimensions | 24cm. |
| 350 ## - PRICE (NR) (BK AM CF MU VM SE) [OBSOLETE] | |
| Price | 75 |
| 490 #0 - SERIES STATEMENT | |
| Series statement | RICS Guidance Note |
| 490 #0 - SERIES STATEMENT | |
| Series statement | RICS Blue Book |
| 505 2# - FORMATTED CONTENTS NOTE | |
| Formatted contents note | Introduction -- Part I, blue book code of conduct for estate agents dealing with residential property: introduction to the blue book code; the core principles; the principles within the blue book code; explanatory text supporting the principles; glossary of terms -- Part II, residential estate agency standards: ethics; securing instructions; acting for the seller, marketing the property; acting for the seller, agreeing the sale; acting for the buyer; ending the instruction; safety and security; agency management; regulation and legislation -- Index |
| 520 ## - SUMMARY, ETC. | |
| Summary, etc. | Sets out in a logical sequence how an agent should conduct his or her business, and helps to ensure compliance with the law, with official guidance, and with industry best practice. Contains a Code of Conduct for Estate Agents dealing with Residential Property and provides guidance to support this. Includes Tables of cases, statutes and statutory instruments. Interim updates will be published online and an updated print edition published annually. |
| 520 ## - SUMMARY, ETC. | |
| Summary, etc. | Supersedes the RICS Manual of Estate Agency Law and Practice (ISBN 1842191543). |
| 520 ## - SUMMARY, ETC. | |
| Summary, etc. | Superseded by Fourth edition published October 2010 as Blue Book: Residential property standards; then Fifth edition published October 2011 as RICS UK Residential Property Standards; Sixth edition as UK Residential Real Estate Agency |
| 521 ## - TARGET AUDIENCE NOTE | |
| Target audience note | Advanced |
| 590 ## - LOCAL NOTE (RLIN) | |
| Local note | KA NTK |
| 651 #4 - SUBJECT ADDED ENTRY--GEOGRAPHIC NAME | |
| Geographic name | United Kingdom |
| 690 ## - LOCAL SUBJECT ADDED ENTRY--TOPICAL TERM (OCLC, RLIN) | |
| Topical term or geographic name as entry element | PROPERTY-RESIDENTIAL PROPERTY-ACQUISITION AND DISPOSAL OF RESIDENTIAL PROPERTY |
| 690 ## - LOCAL SUBJECT ADDED ENTRY--TOPICAL TERM (OCLC, RLIN) | |
| Topical term or geographic name as entry element | PROPERTY-PROPERTY AGENCY |
| 856 41 - ELECTRONIC LOCATION AND ACCESS | |
| Uniform Resource Identifier | <a href="https://www.rics.org/uk/products/knowledge-and-information-services/">https://www.rics.org/uk/products/knowledge-and-information-services/</a> |
| Public note | Old edition please email [email protected] |
| 942 ## - ADDED ENTRY ELEMENTS (KOHA) | |
| Suppress in OPAC | 0 |
| Source of classification or shelving scheme | Dewey Decimal Classification |
| Withdrawn status | Lost status | Source of classification or shelving scheme | Damaged status | Not for loan | Home library | Current library | Shelving location | Date acquired | Total Checkouts | Full call number | Barcode | Date last seen | Copy number | Price effective from | Koha item type | Date last checked out |
|---|---|---|---|---|---|---|---|---|---|---|---|---|---|---|---|---|
| Dewey Decimal Classification | London | London | RICS Boxes | 17/09/2009 | RICS 2009/33 | 30077151 | 06/08/2019 | 1 | 06/08/2019 | Archive | ||||||
| Dewey Decimal Classification | London | London | RICS Boxes | 09/01/2013 | RICS 2009/33 | 30077153 | 06/08/2019 | 2 | 06/08/2019 | Book | ||||||
| Dewey Decimal Classification | London | London | Books | 17/09/2009 | 4 | 333.33 ROY | 30079658 | 06/08/2019 | 3 | 06/08/2019 | Book | 25/01/2010 |